My first green books : a life size guide to caring for our ; Angela Wilkes

Bibliographic Details
Main Author: Wilkes, Angela
Format: Book
Published: London : Dorling Kindersley , 1991
Subjects:

MARC

LEADER 00000cam a2200000 7i4500
001 0000004443
002 000004778
005 20011127.0
020 |a 0863186238 
090 0 0 |a 333.7   |b WIL 
100 1 |a Wilkes, Angela 
245 0 0 |a My first green books :   |b a life size guide to caring for our ; Angela Wilkes 
260 |a London :   |b Dorling Kindersley ,   |c 1991 
300 |a 48p. :   |b ill. ;   |c 33cm. 
650 0 0 |a Environment   |x Juvenile literature 
999 |a 030643   |b BUKU   |c JUNIOR REFERENCE   |e PERPUSTAKAAN KOMUNITI PETALING JAYA 
999 |a 045433   |b BUKU   |c JUNIOR REFERENCE   |e PERPUSTAKAAN KOMUNITI CAW KOTA DAMANSARA 
999 |a 045434   |b BUKU   |c JUNIOR REFERENCE   |e PERPUSTAKAAN KOMUNITI CAW KOTA DAMANSARA